000 01076ngm a2200181za 4500
007 vz c| |k
008 231005s2023 ||||||||o|||| 00| v|eng d
041 _aeng
245 _aAdvancements in drone technology
_ba YouTube Video
260 _bRoyal Institution of Chartered Surveyors,
_c5 October 2023
520 _aIn this video, Andrew Knight and Mike Edwards discuss the advancements in drone technology and its wide-ranging applications across various industries. Mike Edwards shares his journey into the drone industry and highlights the transformative potential of this technology. The conversation delves into the challenges of scaling drone operations within organizations, regulatory considerations, and the future possibilities of drone technology. .
650 _aDRONES
650 _aPROPTECH
651 _aInternational
690 _96274
_aPropTech
856 _uhttps://www.rics.org/news-insights/advancements-in-drone-technology
_zView the introduction here on RICS.org
856 _uhttps://youtu.be/nHJlUx8k4JY?feature=shared
_zView the YouTube video here
999 _c121673
_d121673